Globalizace, etika, ekonomika

Uložené v:
Podrobná bibliografia
Hlavný autor: Rolný, Ivo
Ďalší autori: Lacina, Lubor
Médium: Kniha
Jazyk:Czech
Vydavateľské údaje: Ostrava KEY Publishing 2008
Vydanie:3. rozšířené vydání
Predmet:
Tagy: Pridať tag
Žiadne tagy, Buďte prvý, kto otaguje tento záznam!

MARC

LEADER 00000nam a2200000 4500
001 0312434
005 20260302110938.5
020 |a 978-80-87071-62-5 
041 0 |a cze 
044 |a CZ 
245 1 0 |a Globalizace, etika, ekonomika  |c Ivo Rolný, Lubor Lacina 
250 |a 3. rozšířené vydání 
250 |a 1. vydání v KEY Publishing 
264 1 |a Ostrava  |b KEY Publishing  |c 2008 
300 |a 281 s. 
610 2 0 |a globalizácia hospodárstva 
610 2 0 |a globalizácia 
610 2 0 |a hospodárstvo svetové 
610 2 0 |a etika hospodárska 
610 2 0 |a podnikanie zodpovedné 
610 2 0 |a komunikácia multikultúrna 
610 2 0 |a obchod medzinárodný 
610 2 0 |a korupcia 
610 2 0 |a lobizmus 
100 1 |a Rolný, Ivo 
700 1 |a Lacina, Lubor